| 000 | 00784nam a2200205 a 4500 | ||
|---|---|---|---|
| 005 | 20230525063543.0 | ||
| 008 | 991125s1980 mx 000 0 spa u | ||
| 035 | _aUPN01000007905 | ||
| 049 | _aLTG | ||
| 050 | 4 |
_aLB1585 _bM6.2 1980 LM |
|
| 245 | 0 | 0 |
_aCiencias naturales : _bsegundo grado : libro del maestro / _cLázaro Blanco ... [et al.]. |
| 260 |
_aMéxico : _bSEP, Comisión Nacional de los Libros de Texto Gratuitos, _c1980. |
||
| 300 |
_a111 p. : _bil. col. |
||
| 500 | _aCon: Ciencias sociales : segundo grado : libro del maestro | ||
| 500 | _aLibro de texto gratuito | ||
| 650 | 4 |
_aCiencias naturales _xEstudio y enseñanza (Elemental) _92812 |
|
| 700 | 1 |
_aBlanco, Lázaro, _ecoaut. _931632 |
|
| 740 | 0 | _aCiencias sociales : segundo grado : libro del maestro | |
| 905 | _aLibro | ||
| 999 |
_c7905 _d7905 |
||